Experimental ecology : (Record no. 25775)

MARC details
000 -LEADER
fixed length control field 01203cam a2200289 a 4500
001 - CONTROL NUMBER
control field 2124486
003 - CONTROL NUMBER IDENTIFIER
control field OSt
005 - DATE AND TIME OF LATEST TRANSACTION
control field 20220103114426.0
008 - FIXED-LENGTH DATA ELEMENTS--GENERAL INFORMATION
fixed length control field 970414s1998 nyua b 001 0 eng
010 ## - LIBRARY OF CONGRESS CONTROL NUMBER
LC control number 97016559
020 ## - INTERNATIONAL STANDARD BOOK NUMBER
International Standard Book Number 019510241X (acidfree paper)
040 ## - CATALOGING SOURCE
Original cataloging agency DLC
Transcribing agency HU
Modifying agency DLC
050 00 - LIBRARY OF CONGRESS CALL NUMBER
Classification number QH541.24
Item number .E955 1998
082 00 - DEWEY DECIMAL CLASSIFICATION NUMBER
Classification number 577/.07/24
Edition number 21
245 00 - TITLE STATEMENT
Title Experimental ecology :
Remainder of title issues and perspectives /
Statement of responsibility, etc. edited by William J. Resetarits, Jr. [and] Joseph Bernardo.
260 ## - PUBLICATION, DISTRIBUTION, ETC.
Place of publication, distribution, etc. New York :
Name of publisher, distributor, etc. Oxford University Press,
Date of publication, distribution, etc. 1998.
300 ## - PHYSICAL DESCRIPTION
Extent xvii, 470 p. :
Other physical details ill. ;
Dimensions 25 cm.
504 ## - BIBLIOGRAPHY, ETC. NOTE
Bibliography, etc. note Includes bibliographical references and index.
650 #0 - SUBJECT ADDED ENTRY--TOPICAL TERM
Topical term or geographic name entry element Experimental ecology.
9 (RLIN) 26865
700 1# - ADDED ENTRY--PERSONAL NAME
Personal name Resetarits, William J.
9 (RLIN) 26866
700 1# - ADDED ENTRY--PERSONAL NAME
Personal name Bernardo, Joseph,
Dates associated with a name 1963-
9 (RLIN) 26867
856 42 - ELECTRONIC LOCATION AND ACCESS
Materials specified Publisher description
Uniform Resource Identifier <a href="http://www.loc.gov/catdir/enhancements/fy0635/97016559-d.html">http://www.loc.gov/catdir/enhancements/fy0635/97016559-d.html</a>
856 41 - ELECTRONIC LOCATION AND ACCESS
Materials specified Table of contents only
Uniform Resource Identifier <a href="http://www.loc.gov/catdir/enhancements/fy0635/97016559-t.html">http://www.loc.gov/catdir/enhancements/fy0635/97016559-t.html</a>
906 ## - LOCAL DATA ELEMENT F, LDF (RLIN)
a 7
b cbc
c orignew
d 1
e ocip
f 19
g y-gencatlg
942 ## - ADDED ENTRY ELEMENTS (KOHA)
Source of classification or shelving scheme Dewey Decimal Classification
Koha item type Books like text book referance book
Suppress in OPAC No
Holdings
Withdrawn status Lost status Source of classification or shelving scheme Damaged status Not for loan Collection code Home library Current library Shelving location Date acquired Total Checkouts Full call number Barcode Date last seen Copy number Price effective from Koha item type
    Dewey Decimal Classification     Reference Wondo Genet Library Wondo Genet Library General Stacks 01/03/2022   577.07`24 EXP 1998 WGCFNRL00009947 01/03/2022 1 01/03/2022 Books like text book referance book